Afro Latinoamérica 1800-2000
Uloženo v:
| Hlavní autor: | |
|---|---|
| Médium: | Kniha |
| Jazyk: | španělština |
| Vydáno: |
Madrid
Iberoamericana
2007
|
| Edice: | Colección Tiempo Emulado
|
| Témata: | |
| Tagy: |
Přidat tag
Žádné tagy, Buďte první, kdo vytvoří štítek k tomuto záznamu!
|
MARC
| LEADER | 00000nam a2200000 a 4500 | ||
|---|---|---|---|
| 001 | UCI4130 | ||
| 003 | CL-VaPUC | ||
| 008 | 071221e20070000SP |||||||||||||||||spa|d | ||
| 020 | |a 9788484893097 | ||
| 082 | 0 | 4 | |a 980.004 |b REI |2 21 |
| 100 | 0 | |a Reid Andrews, George |e author |9 525822 | |
| 245 | 1 | 0 | |a Afro Latinoamérica 1800-2000 |
| 300 | |a 378 p | ||
| 942 | |c BK | ||
| 945 | |d 20071221 00:00:00 |a jtorresc | ||
| 260 | |a Madrid |b Iberoamericana |c 2007 | ||
| 650 | 7 | |a NEGROS |2 CL-VaPUC |9 340345 | |
| 650 | 7 | |a GRUPOS RACIALES |2 CL-VaPUC |9 324199 | |
| 650 | 0 | |a Esclavitud |9 323605 | |
| 650 | 0 | |a Problemas sociales |9 258537 | |
| 650 | 0 | |a Afroamericanos |9 718656 | |
| 650 | 7 | |a MESTIZOS |2 CL-VaPUC |9 338669 | |
| 650 | 7 | |a RELACIONES ETNICAS |2 CL-VaPUC |9 435521 | |
| 651 | 0 | |a América Latina |9 255027 | |
| 583 | |a last modification |c 20180514 09:58:29 |k Rodrigo Vera | ||
| 490 | 0 | |a Colección Tiempo Emulado | |
| 999 | |c 328116 |d 328114 | ||
| 952 | |0 0 |1 0 |4 0 |6 980_004000000000000_REI_2007 |7 0 |8 A |9 411890 |a BIBHIS |b BIBHIS |d 2019-11-22 |i 4397703 |l 1 |o 980.004 REI 2007 |p 4397703 |r 2025-04-23 |s 2025-04-23 |w 2019-11-22 |y BK |k HIS | ||